La Organización sindical de hermandades del campo en la provincia de Barcelona : decreto sobre unidad sindical agraria y normas que han de regir la estructura interna y funciones de las hermandades sindicales del campo decreto sobre unidad sindical agraria y normas que han de regir la estructura interna y funciones de las hermandades sindicales del campo
Descripción Física:
71 p. : map., 1 map. plegat ; 28 cm
Otros Autores:
Hermandad Sindical Provincial del Campo (Barcelona)
MARC
| LEADER | 00000nam a2200000Ia 4500 | ||
|---|---|---|---|
| 001 | 22569 | ||
| 008 | 160829s1945 xx 000 0 cat d | ||
| 080 | |a C-3-282 | ||
| 245 | |a La Organización sindical de hermandades del campo en la provincia de Barcelona : |b decreto sobre unidad sindical agraria y normas que han de regir la estructura interna y funciones de las hermandades sindicales del campo | ||
| 260 | |a Barcelona : |b Hermandad Sindical Provincial del Campo, |c 1945 | ||
| 300 | |a 71 p. : |b map., 1 map. plegat ; |c 28 cm | ||
| 650 | |a Hermandad Sindical Provincial del Campo (Barcelona) |9 44565 | ||
| 700 | |a Hermandad Sindical Provincial del Campo (Barcelona) |9 44565 | ||
| 901 | |a Arxiu | ||
| 942 | |n 1 | ||
| 952 | |0 0 |1 0 |4 0 |6 C3282 |7 1 |9 52008 |a Arxiu |b Arxiu |d 2016-12-01 |l 0 |o C-3-282 |p 22569 |r 2016-12-01 00:00:00 |w 2016-12-01 |y ARXIU | ||
| 999 | |c 55856 |d 55856 | ||